| 000 | 01017cam a2200289 a 4500 | ||
|---|---|---|---|
| 001 | 12788015 | ||
| 003 | ARRUPE | ||
| 005 | 20240208105722.0 | ||
| 008 | 020524s2001 sa ab 000 0 eng | ||
| 010 | _a 2002403462 | ||
| 020 | _a0797423222 | ||
| 040 |
_aDLC _cDLC |
||
| 043 | _af-rh--- | ||
| 050 | 0 | 0 |
_aHN802.A8 _bH86 2001 |
| 100 | 1 |
_aHunter, Glyn, _d1948- _952398 |
|
| 245 | 1 | 0 |
_aVoices of Zimbabwe : _bthe pain, the courage, the hope / _cGlyn Hunter, Larry Farren, Althea Farren. |
| 250 | _a[1st ed.] | ||
| 260 |
_a[South Africa : _bAlfa ; _aJohannesburg : _bDistributed by Covos Day, _cc2001] |
||
| 300 |
_a289 p., : _bill. (some col.), map ; _c21 cm. |
||
| 651 | 0 |
_aZimbabwe _xSocial conditions _y1980- |
|
| 651 | 0 |
_aZimbabwe _vLiterary collections. _952399 |
|
| 700 | 1 |
_aFarren, Larry, _d1941- _952400 |
|
| 700 | 1 |
_aFarren, Althea, _d1946- _952401 |
|
| 906 |
_a7 _bcbc _corignew _d3 _encip _f20 _gy-gencatlg |
||
| 942 |
_2lcc _cMONOGRAPH |
||
| 999 |
_c131779 _d131779 |
||